Mukhtarat min kitab al-aghani /

محفوظ في:

المؤلف الرئيسي: Abū al-Faraj al-Iṣbahānī, 897 or 898-967 (مؤلف)

مؤلفون آخرون: Zakī, Aḥmad Kamāl.

التنسيق: كتاب

اللغة: Arabic

منشور في: [Cairo] : Dār al-Fikr al-ʻArabī, 1961.

الطبعة: al-Ṭabʻah 1.

الموضوعات:

الوسوم: إضافة وسم

لا توجد وسوم, كن أول من يضع وسما على هذه التسجيلة!

رقم الطلب: PJ7631 .A4058 Z2 1961

LEADER 01544namaa2200265 4500
001 15777
003 OSt
005 20231017072125.0
008 130303s1961 ua 000 0 ara d
952 |0 0  |1 0  |2 lcc  |4 0  |6 PJ7631 A4058 Z2 01961  |7 1  |9 50631  |a ARCE  |b ARCE  |d 2023-10-17  |l 0  |o PJ7631 .A4058 Z2 1961  |p 1019381  |r 2023-10-17 00:00:00  |w 2023-10-17  |y BK 
999 |c 15546  |d 15546 
040 |c ARCE Library 
050 4 |a PJ7631 .A4058 Z2 1961 
100 0 |6 880-01  |a Abū al-Faraj al-Iṣbahānī,  |d 897 or 898-967,  |e author 
245 1 0 |6 880-02  |a Mukhtarat min kitab al-aghani /   |c li-Abī al-Faraj al-Iṣfahānī. ; ʻarḍ wa-taqdīm Aḥmad Kamāl Zakī. 
250 |a al-Ṭabʻah 1. 
264 1 |a [Cairo] :   |b Dār al-Fikr al-ʻArabī,   |c 1961. 
300 |a 160 pages ;  |c 20 cm. 
650 0 |a Arabic poetry. 
700 1 |a Zakī, Aḥmad Kamāl. 
740 0 |a Kitāb al-aghānī. 
880 0 |6 100-01/(3/r  |a أبو الفرج الأصبهاني،‪‪‪‪‪‪‪‪‪‪‪‪‪‪‪‪‪‪‪‪‪‪‪‪‪‪‪‪‪‪‪‪‪‪‪‪‪‪‪‪‪‪‪  |d 897 أو 898-967.‪‪‪‪‪‪‪‪‪‪‪‪‪‪‪‪‪‪‪‪‪‪‪‪‪‪‪‪‪‪‪‪‪‪‪‪‪‪‪‪‪‪‪ 
880 1 0 |6 245-02/(3/r  |a مختارات من كتاب الأغاني  |c أبو فرج الأصفهاني ؛ عرض و تقديم أحمد كمال زكي.‪‪‪‪‪‪‪‪‪‪‪‪‪‪‪‪‪‪‪‪‪‪‪‪‪‪‪‪‪‪‪‪‪‪‪‪‪‪‪‪‪‪‪‪‪‪‪‪ 
901 |a reviewed 
942 |c BK  |2 lcc